00661nam a2200193Ia 4500008004100000082001700041100001700058245003000075250000800105260003300113300001100146500002400157650001500181700003500196942000700231952010600238952010600344999001700450230524s9999 xx 000 0 und d a621.382bBHA aT.S. Bhattia 0aSmall Hydro Power Systems a1ST aNEW DELHIbDhanpat Raic2004 aXI;218 aQuantity Number: 2 aElectrical a" R.C.Bansal , D.P.Kothari,,," cBK 00104070aTATCLbTATCLcGENd2023-05-24l0o621.382 BHAp6696r2023-05-24w2023-05-24yBKzCPEC5404 00104070aTATCLbTATCLcGENd2023-05-24l0o621.382 BHAp6697r2023-05-24w2023-05-24yBKzCPEC5404 c23806d23806